<?xml version="1.0" encoding="UTF-8"?>
<record
    xmlns:xsi="http://www.w3.org/2001/XMLSchema-instance"
    xsi:schemaLocation="http://www.loc.gov/MARC21/slim http://www.loc.gov/standards/marcxml/schema/MARC21slim.xsd"
    xmlns="http://www.loc.gov/MARC21/slim">

  <leader>02448nam a22001697a 4500</leader>
  <controlfield tag="005">20220707214154.0</controlfield>
  <controlfield tag="008">220707b        |||||||| |||| 00| 0 eng d</controlfield>
  <datafield tag="040" ind1=" " ind2=" ">
    <subfield code="c">Biblioteca Lado V</subfield>
  </datafield>
  <datafield tag="082" ind1=" " ind2=" ">
    <subfield code="a">784.188.6</subfield>
    <subfield code="b">AF258a</subfield>
  </datafield>
  <datafield tag="100" ind1=" " ind2=" ">
    <subfield code="a">University of KwaZulu-Natal</subfield>
  </datafield>
  <datafield tag="245" ind1=" " ind2=" ">
    <subfield code="a">african contemporary dance?:</subfield>
    <subfield code="b">questioning issues of a performance aesthetic for a developing and independent continent</subfield>
  </datafield>
  <datafield tag="260" ind1=" " ind2=" ">
    <subfield code="a">Sud&#xE1;frica</subfield>
    <subfield code="b">Center for Creative Arts, University of KwaZulu-Natal</subfield>
    <subfield code="c">2004</subfield>
  </datafield>
  <datafield tag="300" ind1=" " ind2=" ">
    <subfield code="a">104 p.</subfield>
    <subfield code="b">il. (col)</subfield>
    <subfield code="c">30 x 21 cm</subfield>
  </datafield>
  <datafield tag="505" ind1=" " ind2=" ">
    <subfield code="t">Acknowledgments </subfield>
    <subfield code="t">Biographies of Conference Delegates </subfield>
    <subfield code="t">Opening Night Adress of the 8th JOMBA! Contemporary Dance Experience</subfield>
    <subfield code="r">Liane Loots - Artistic Director JOMBA!</subfield>
    <subfield code="t">Conference Introduction</subfield>
    <subfield code="r">Liane Loots and Miranda Young-Jahangeer</subfield>
    <subfield code="t">Conference Proceeding </subfield>
    <subfield code="t">Day One</subfield>
    <subfield code="r">Peter Rorvik - Director: Center for Creative Arts</subfield>
    <subfield code="r">Liane Loots</subfield>
    <subfield code="r">Jay Pather</subfield>
    <subfield code="r">Adrienne Sichel</subfield>
    <subfield code="r">Gregory Maqoma</subfield>
    <subfield code="r">Faustin Linyekula</subfield>
    <subfield code="t">Day two</subfield>
    <subfield code="t">Session One: Defining a contemporary African dance aesthetic - can it be done?</subfield>
    <subfield code="r">Adrienne Sichel</subfield>
    <subfield code="r">Gilbert Douglas</subfield>
    <subfield code="r">Adedayo Liadi, Kettly No&#xEB;l</subfield>
    <subfield code="r">Reginald Danster</subfield>
    <subfield code="r">Augusto Cuvilas</subfield>
    <subfield code="t">Session Two: The JOMBA! Young Choreographers engage the title: Defining a contemporary African dance aesthetic - can it be done?</subfield>
    <subfield code="r">David Gouldie</subfield>
    <subfield code="r">Ntombi Gasa</subfield>
    <subfield code="r">Mdu Mtshali</subfield>
    <subfield code="r">Musa Hlatshwayo</subfield>
    <subfield code="r">Siyanda Duma</subfield>
    <subfield code="t">Day Tree</subfield>
    <subfield code="t">Session One: Teaching African Contemporary Dance - how is it different?</subfield>
    <subfield code="r">Sbonakaliso Ndaba</subfield>
    <subfield code="r">Adedayo Liadi</subfield>
    <subfield code="r">Faustin Linyekula </subfield>
    <subfield code="t">Session Two: Training and African Contemporary Dance </subfield>
    <subfield code="r">Adrienne Sichel</subfield>
    <subfield code="r">Sbonakaliso Ndaba</subfield>
    <subfield code="r">Adedayo Liadi</subfield>
    <subfield code="r">Faustin Linyekula </subfield>
    <subfield code="t">Session Three: Durban choreographers speak to their notion of creating socially aware and critical dance work in South Africa</subfield>
    <subfield code="r">Patricia Opondo </subfield>
    <subfield code="r">David Gouldie</subfield>
    <subfield code="r">Liane Loots</subfield>
    <subfield code="r">Ondine Bello </subfield>
    <subfield code="r">Jay Pather</subfield>
    <subfield code="t">Day four </subfield>
    <subfield code="t">Session One: Cultural Dance Collaboration - is it possible for the North and South to meet on equal terms to make work about/for Africa?</subfield>
    <subfield code="r">Liane Loots</subfield>
    <subfield code="r">Feri de Geus </subfield>
    <subfield code="r">Kettly No&#xEB;l</subfield>
    <subfield code="r">Faustin Linyekula</subfield>
    <subfield code="t">Session Two: Europe funds Africa: Finding an equal relationship? (How does foreign funding impact on African dancers and choreographers making work for and about their contexts?)</subfield>
    <subfield code="r">Adrienne Sichel</subfield>
    <subfield code="r">Peter Rorvik</subfield>
    <subfield code="r">Margriet Leemhuis</subfield>
    <subfield code="r">Georgina Thompson </subfield>
    <subfield code="r">Janine Dreyer</subfield>
    <subfield code="r">B&#xE9;n&#xE9;dicte Alliot </subfield>
    <subfield code="t">Concluding Remarks</subfield>
    <subfield code="r">Miranda Young-Jahangeer - Conference Co-ordinator </subfield>
  </datafield>
  <datafield tag="600" ind1=" " ind2=" ">
    <subfield code="x">Danza - &#xC1;frica </subfield>
    <subfield code="x">coreograf&#xED;a - Sud&#xE1;frica</subfield>
    <subfield code="x">artes esc&#xE9;nicas</subfield>
  </datafield>
  <datafield tag="942" ind1=" " ind2=" ">
    <subfield code="2">ddc</subfield>
    <subfield code="c">1</subfield>
    <subfield code="n">0</subfield>
  </datafield>
  <datafield tag="999" ind1=" " ind2=" ">
    <subfield code="c">1919</subfield>
    <subfield code="d">1919</subfield>
  </datafield>
  <datafield tag="952" ind1=" " ind2=" ">
    <subfield code="0">0</subfield>
    <subfield code="1">0</subfield>
    <subfield code="2">ddc</subfield>
    <subfield code="4">0</subfield>
    <subfield code="7">0</subfield>
    <subfield code="a">LV</subfield>
    <subfield code="b">LV</subfield>
    <subfield code="d">2022-07-07</subfield>
    <subfield code="l">0</subfield>
    <subfield code="o">784.188.6 AF258a</subfield>
    <subfield code="p">002913</subfield>
    <subfield code="r">2022-07-07 00:00:00</subfield>
    <subfield code="w">2022-07-07</subfield>
    <subfield code="y">1</subfield>
  </datafield>
</record>
